000 00968nam a2200241 i 4500
001 134735
003 ES-MaACL
005 20251013192947.0
007 t|
008 070913s1961 fr ||||1| fre d
080 _a1(038)
100 0 _aVoltaire,
_d1694-1778
_9115721
245 1 0 _aDictionnaire philosophique
_b: comprenant les 118 articles parus sous ce titre du vivant de Voltaire avec leurs suppléments parus dans les Questions sur l'Encyclopédie /
_cVoltaire ; introduction, relevé des variantes et notes par Julien Benda ; texte établi par Raymond Naves.
260 _aParis :
_bGarnier Frères,
_c[1961]
300 _a632 p. :
_bil. ;
_c19 cm.
500 _aBiblioteca Jacinto Martínez Lacalle.
500 _aRetrato del autor.
650 1 4 _aFilosofía-
_vDiccionarios.
_912806
700 1 _aBenda, Julien,
_d1867-1956
_927470
700 1 _aNaves, Raymond.
_985227
852 _aES-MaACL
_jE-12122
_bR.190379
999 _c134735
_d134735